<?xml version="1.0" encoding="UTF-8"?>
<collection xmlns="http://www.loc.gov/MARC21/slim">
 <record>
  <leader>02341nam a22005417a 4500</leader>
  <controlfield tag="001">000120584</controlfield>
  <controlfield tag="003">CZ-PrVSE</controlfield>
  <controlfield tag="005">20090130105415.0</controlfield>
  <controlfield tag="007">ta</controlfield>
  <controlfield tag="008">080520s2008    xr ab  gr     000 0dcze d</controlfield>
  <datafield tag="015" ind1=" " ind2=" ">
   <subfield code="a">cnb001781742</subfield>
  </datafield>
  <datafield tag="020" ind1=" " ind2=" ">
   <subfield code="a">978-80-7203-961-6</subfield>
   <subfield code="q">(Argo ;</subfield>
   <subfield code="q">brož.)</subfield>
  </datafield>
  <datafield tag="020" ind1=" " ind2=" ">
   <subfield code="a">978-80-86652-32-0</subfield>
   <subfield code="q">(Titanic ;</subfield>
   <subfield code="q">brož.)</subfield>
  </datafield>
  <datafield tag="035" ind1=" " ind2=" ">
   <subfield code="a">(OCoLC)316297173</subfield>
  </datafield>
  <datafield tag="040" ind1=" " ind2=" ">
   <subfield code="a">ABA006</subfield>
   <subfield code="b">cze</subfield>
   <subfield code="c">ABA006</subfield>
   <subfield code="d">ABA006</subfield>
  </datafield>
  <datafield tag="072" ind1=" " ind2="7">
   <subfield code="a">71</subfield>
   <subfield code="x">Územní plánování. Urbanismus. Památková péče</subfield>
   <subfield code="2">Konspekt</subfield>
   <subfield code="9">21</subfield>
  </datafield>
  <datafield tag="072" ind1=" " ind2="9">
   <subfield code="a">710</subfield>
   <subfield code="x">Civic and landscape art</subfield>
   <subfield code="2">Conspectus</subfield>
   <subfield code="9">21</subfield>
  </datafield>
  <datafield tag="080" ind1=" " ind2=" ">
   <subfield code="a">711.4</subfield>
   <subfield code="2">MRF</subfield>
  </datafield>
  <datafield tag="080" ind1=" " ind2=" ">
   <subfield code="a">72</subfield>
   <subfield code="2">MRF</subfield>
  </datafield>
  <datafield tag="080" ind1=" " ind2=" ">
   <subfield code="a">711.5</subfield>
   <subfield code="2">MRF</subfield>
  </datafield>
  <datafield tag="080" ind1=" " ind2=" ">
   <subfield code="a">(437.3)</subfield>
   <subfield code="2">MRF</subfield>
  </datafield>
  <datafield tag="099" ind1=" " ind2="9">
   <subfield code="a">711.4SED</subfield>
  </datafield>
  <datafield tag="100" ind1="1" ind2=" ">
   <subfield code="a">Sedlák, Jan,</subfield>
   <subfield code="d">1951-</subfield>
   <subfield code="7">ntka173952</subfield>
   <subfield code="4">aut</subfield>
  </datafield>
  <datafield tag="245" ind1="1" ind2="0">
   <subfield code="a">Praha 3 :</subfield>
   <subfield code="b">urbanismus, architektura /</subfield>
   <subfield code="c">Jan Sedlák, Zdeněk Lukeš ; [fotografie Karel Cudlín a Ester Havlová]</subfield>
  </datafield>
  <datafield tag="250" ind1=" " ind2=" ">
   <subfield code="a">Vyd. 1.</subfield>
  </datafield>
  <datafield tag="260" ind1=" " ind2=" ">
   <subfield code="a">Praha :</subfield>
   <subfield code="b">Argo :</subfield>
   <subfield code="b">Titanic,</subfield>
   <subfield code="c">2008</subfield>
  </datafield>
  <datafield tag="300" ind1=" " ind2=" ">
   <subfield code="a">245 s. :</subfield>
   <subfield code="b">il., mapy</subfield>
  </datafield>
  <datafield tag="650" ind1="0" ind2="7">
   <subfield code="a">urbanismus</subfield>
   <subfield code="7">ph116541</subfield>
   <subfield code="2">czenas</subfield>
  </datafield>
  <datafield tag="650" ind1="0" ind2="7">
   <subfield code="a">architektura</subfield>
   <subfield code="7">ph118586</subfield>
   <subfield code="2">czenas</subfield>
  </datafield>
  <datafield tag="650" ind1="0" ind2="7">
   <subfield code="a">městské obvody</subfield>
   <subfield code="7">ph381217</subfield>
   <subfield code="2">czenas</subfield>
  </datafield>
  <datafield tag="651" ind1=" " ind2="7">
   <subfield code="a">Praha 3 (Česko)</subfield>
   <subfield code="7">ge128552</subfield>
   <subfield code="2">czenas</subfield>
  </datafield>
  <datafield tag="655" ind1=" " ind2="7">
   <subfield code="a">přehledy</subfield>
   <subfield code="7">fd133202</subfield>
   <subfield code="2">czenas</subfield>
  </datafield>
  <datafield tag="650" ind1="0" ind2="9">
   <subfield code="a">city planning</subfield>
   <subfield code="2">eczenas</subfield>
  </datafield>
  <datafield tag="650" ind1="0" ind2="9">
   <subfield code="a">architecture</subfield>
   <subfield code="2">eczenas</subfield>
  </datafield>
  <datafield tag="650" ind1="0" ind2="9">
   <subfield code="a">city districts</subfield>
   <subfield code="2">eczenas</subfield>
  </datafield>
  <datafield tag="651" ind1=" " ind2="9">
   <subfield code="a">Prague 3 (Czechia)</subfield>
   <subfield code="2">eczenas</subfield>
  </datafield>
  <datafield tag="655" ind1=" " ind2="9">
   <subfield code="a">surveys</subfield>
   <subfield code="2">eczenas</subfield>
  </datafield>
  <datafield tag="700" ind1="1" ind2=" ">
   <subfield code="a">Lukeš, Zdeněk,</subfield>
   <subfield code="d">1954-</subfield>
   <subfield code="7">jn99240000644</subfield>
   <subfield code="4">aut</subfield>
  </datafield>
  <datafield tag="700" ind1="1" ind2=" ">
   <subfield code="a">Cudlín, Karel,</subfield>
   <subfield code="d">1960-</subfield>
   <subfield code="7">jn19990209104</subfield>
   <subfield code="4">pht</subfield>
  </datafield>
  <datafield tag="700" ind1="1" ind2=" ">
   <subfield code="a">Havlová, Ester,</subfield>
   <subfield code="d">1967-</subfield>
   <subfield code="7">jn20010310034</subfield>
   <subfield code="4">pht</subfield>
  </datafield>
  <datafield tag="993" ind1=" " ind2=" ">
   <subfield code="a">003590968</subfield>
  </datafield>
  <datafield tag="911" ind1=" " ind2=" ">
   <subfield code="a">ABG001</subfield>
   <subfield code="d">zdigitalizováno</subfield>
   <subfield code="p">autor.ochrana</subfield>
   <subfield code="u">http://kramerius.mlp.cz/kramerius/handle/ABG001/521784</subfield>
  </datafield>
  <datafield tag="996" ind1=" " ind2=" ">
   <subfield code="1">PKAM</subfield>
   <subfield code="3">F200629c</subfield>
   <subfield code="4">N:P</subfield>
   <subfield code="5">3142234477</subfield>
   <subfield code="8">20100111</subfield>
   <subfield code="9">711.4SED</subfield>
   <subfield code="f">83</subfield>
   <subfield code="g">22625</subfield>
   <subfield code="l">UEP01</subfield>
   <subfield code="m">BOOK</subfield>
   <subfield code="p">MI</subfield>
   <subfield code="q">KAM</subfield>
   <subfield code="t">na dislokovaném</subfield>
   <subfield code="u">UEP01</subfield>
   <subfield code="v">Ztráta</subfield>
   <subfield code="w">20100114</subfield>
  </datafield>
  <datafield tag="996" ind1=" " ind2=" ">
   <subfield code="1">PSKLA</subfield>
   <subfield code="3">F200629a</subfield>
   <subfield code="4">N:P</subfield>
   <subfield code="5">3142225588</subfield>
   <subfield code="8">20081128</subfield>
   <subfield code="9">711.4SED</subfield>
   <subfield code="f">81</subfield>
   <subfield code="g">18624</subfield>
   <subfield code="l">UEP01</subfield>
   <subfield code="m">BOOK</subfield>
   <subfield code="q">Knihovna Žižkov - sklad</subfield>
   <subfield code="t">na 1 měsíc</subfield>
   <subfield code="u">UEP01</subfield>
   <subfield code="w">20081215</subfield>
  </datafield>
  <datafield tag="996" ind1=" " ind2=" ">
   <subfield code="1">PSKLA</subfield>
   <subfield code="3">F200629b</subfield>
   <subfield code="4">N:P</subfield>
   <subfield code="5">3142232055</subfield>
   <subfield code="8">20080520</subfield>
   <subfield code="9">711.4SED</subfield>
   <subfield code="f">81</subfield>
   <subfield code="g">16072</subfield>
   <subfield code="l">UEP01</subfield>
   <subfield code="m">BOOK</subfield>
   <subfield code="q">Knihovna Žižkov - sklad</subfield>
   <subfield code="t">na 1 měsíc</subfield>
   <subfield code="u">UEP01</subfield>
   <subfield code="w">20091016</subfield>
  </datafield>
  <datafield tag="996" ind1=" " ind2=" ">
   <subfield code="1">PSTUD</subfield>
   <subfield code="3">F200629</subfield>
   <subfield code="4">N:P</subfield>
   <subfield code="5">3142225587</subfield>
   <subfield code="8">20081128</subfield>
   <subfield code="9">711.4SED</subfield>
   <subfield code="f">81</subfield>
   <subfield code="g">18624</subfield>
   <subfield code="l">UEP01</subfield>
   <subfield code="m">BOOK</subfield>
   <subfield code="q">Studovna Žižkov</subfield>
   <subfield code="t">na 1 měsíc</subfield>
   <subfield code="u">UEP01</subfield>
   <subfield code="w">20081215</subfield>
  </datafield>
 </record>
</collection>
